000
00183 a2200097 4500
020
_a
9780884483014
041
_a
eng
100
_a
Darragh aileen
245
_a
Give a goat
942
_c
BK
999
_c
9581
_d
9581